1642 1499 1649 1157 1081 1566 1511 1561 1863 1522 1584 1662 1575 1760 1505 1268 1448 1170 1773 1394 1234 1450 1955 1164 1917 1449 1354 1322 1143 1543 1452 1795 1580 1998 1292 1207 1353 1272 1668 1126 1122 1084 1686 1406 1488 1478 1761 1841 1237 1694 1230 1056 1558 1892 1766 1811 1592 1365 1302 1107 1720 1730 1858 1822 1408 1625 1417 1221 1011 1201 1130 1666 1908 1000 1801 2000 1693 1001 1298 1647 1339 1344 1954 1732 1679 1742 1946 1531 1437 1062 1639 1759 1791 1884 1584 1795 1803 1680 1706 BCNSPRNW ULIB Ver.6.0+V

เปลี่ยนเป็นภาษาไทย

Change to English
 แสดงรายละเอียดบรรณานุกรม
  กลับหน้าหลัก

Brief Record : Get Marc (ISO 2709) : E-mail record : QR code < ปิดหน้าต่าง
LEADER : 00000nam 2200000uu 4500
001    13399123339
003     ULIB
008    140825s2551||||th 000 0 tha d
099    วจ WB15^bบ247ก
100 0  บังอร ดวงรัตน์, นพมาศ เครือสุวรรณ และสมเพิ่ม สุขสมบูรณ์วงศ์
245 00 การพัฒนาหลักสูตรอบรมการให้รหัสโรค รหัสผ่าตัด และหัตถการของผู้ปฏิบัติงานด้านเวชระเบียน /^cบังอร ดวงรัตน์, นพมาศ เครือสุวรรณ และสมเพิ่ม สุขสมบูรณ์วงศ์
260    นนทบุรี :^bวิทยาลัยเทคโนโลยีทางการแพทย์และสาธารณสุข กาญจาภิเษก,^c2551
300    107 หน้า
650  0 รหัสโรค
650  0 รหัสผ่าตัดและหัตถการ
945    ^p0^l0^i026561
999    ^aเกษร โพธิ์สุวรรณ
รายการนี้ยังไม่มีแท็ก
คุณยังไม่ได้ล็อกอิน คุณสามารถมีกิจกรรมร่วมกับเว็บไซต์ได้ แต่ต้องล็อกอินก่อน ::
  ล็อกอิน

รายการสื่อสารสนเทศ

ลำดับที่ ประเภท เลขเรียก/บาร์โค้ด สถานที่ สถานะ
1. งานวิจัย
งานวิจัย
วจ WB15 บ247ก ฉ.1 
  Barcode: 026561
ห้องสมุดวิทยาเขตสวรรค์ประชารักษ์
►วิจัย
บนชั้น

รายการใกล้เคียง
    หัวเรื่อง [รหัสโรค]

BibComment


ยังไม่เคยถูกคอมเมนท์

คอมเมนท์ทรัพยากรรายการนี้
  คอมเมนท์: การพัฒนาหลักสูตรอ..


 Copyright 2026. Bcnsprnw @Library